000 02336nam0a2200361 4500
001 RU\NLR\BIBL_A\011926617
005 20190218145353.0
010 _a978-5-00109-633-7
_9100
021 _aRU
_bКН-П-18-100074
_9КН-П-18-7265
035 _a(NLR Aleph) 011926617
035 _a(RuMoRGB)009848726
090 _a11015901
_c11015901
100 _a20190204d2018 k y0rusy50 ca
101 0 _arus
102 _aRU
105 _ay|||z|||100zy
200 1 _aОсновные направления и механизмы развития инклюзивного образования
_eсборник научно-методических материалов Международной научно-практической конференции, 7 декабря 2018 г. в г. Салават
_fМинистерство образования Республики Башкортостан, Федеральное государственное бюджетное образовательное учреждение высшего образования "Башкирский государственный университет" [и др.
_gредакционная коллегия: Ишембитова З.Б., к.п.н. и др.]
210 _aУфа
_cАэтерна
_d2018
215 _a192 с.
_cтабл.
_d21
320 _aБиблиогр. в конце ст.
606 1 _aИнклюзивное образование
_jСъезды, совещания и т.п
_2nlr_sh2
_3RU\NLR\AUTH\66746977
610 0 _aинклюзивное обучение
686 1 _aЧ430.122.1я431
686 1 _aЧ312.232.3я431
702 1 _aИшембитова
_bЗ. Б.
_gЗулфия Биктимеровна
_4340
711 1 2 _a"Основные направления и механизмы развития инклюзивного образования", международная научно-практическая конференция
_f2018
_eСалават
_3RU\NLR\AUTH\880494309
712 0 2 _aБашкирский государственный университет
_cУфа
_3RU\NLR\AUTH\889921405
_4570
942 _cBOOK
980 _aNBR
980 _aNB